| 000 | 01173nac a22002651u 4500 | ||
|---|---|---|---|
| 010 | _a 2003103459 | ||
| 020 | _a0745321011 (hardback) | ||
| 020 | _a0745321003 (pbk.) | ||
| 035 | _a(DLC) 2003103459 | ||
| 082 | 0 | 0 |
_a327.73 _bL573 |
| 090 |
_c5019 _d5019 |
||
| 100 | _aLens, Sidney. | ||
| 245 | 1 | 4 |
_aThe forging of the American empire : _b[from the revolution to Vietnam, a history of U.S. imperialism / _cSidney Lens]. |
| 260 |
_aLondon ; _aSterling, Va. : _bPluto Press ;c.2003. _aChicago : _bHaymarket Books,c.2003. _cc.2003. |
||
| 300 |
_axii, 464 p. ; _c24 cm. |
||
| 500 | _aOriginally published: New York : Crowell, 1971. | ||
| 504 | _a"Selected further reading (2003)": p. 453-454. | ||
| 504 | _aIncludes bibliographical references (p. 437-452) and index. | ||
| 650 | 0 |
_aImperialism _xHistory. |
|
| 651 | 0 |
_aUnited States _xForeign relations. |
|
| 651 | 0 |
_aUnited States _xTerritorial expansion. |
|
| 856 | 4 | 1 |
_3Table of contents _uhttp://www.loc.gov/catdir/toc/fy042/2003103459.html |
| 942 |
_cNB _k327.73L573 |
||
| 999 |
_c5019 _d5019 |
||